000 00728nam a2200289Ia 4500
005 20260324124916.0
008 008 260324s9999 xx 000 0 eng d
020 _a9781315547442
037 _aEBOOK
040 _aCRL
040 _beng
040 _cCRL
041 _2eng
041 _aeng
084 _qCRL
100 _aMartha Albertson Fineman; Karen Worthington
_91175965
245 0 _aWhat Is Right for Children?
245 4 _bThe Competing Paradigms of Religion and Human Rights
260 _bTaylor and Francis
260 _c2009
365 _a
365 _b255
856 _uhttp://www.taylorfrancis.com/books/9781315547442
942 _cEBOOK
999 _c1770760
_d1770760